000 01116naa a2200265 4500
005 20080924111043.0
010 _aB-453654
020 _a8185026378
_c3200.00
020 _a9788185026374
_c3200.00
037 _bBPPD / PUB/ R.B.C
037 _bRBC/Ven
082 _a954.41
245 _aBombay to Mumbai :
_cedited by Peauline Rohatgi,Pheroza Godrej [and] Rahul Malhotra
_bchanging perspectives /
260 _aMumbai
_bMarg Publications
_c2006
270 _aNational Centre for the Performing Arts,24, Homi Mody Street,
_bMumbay
_e400001
300 _a296p.
_c31cm.(Hb)
_bIll
500 _aIncludes index
610 _a International Labour Organisation
_942738
700 _aPeauline Rohatgi
_941731
700 _aPheroza Godrej
_941836
700 _aRahul Malhotra
_941837
942 _adpl
_cEN
_2ddc
_mBOM
_h954.41
999 _c62675
_d62675